World City Nicknames Quiz - Statistics

General Stats
  • This quiz has been taken 35,514 times
    35,512 since last reset
  • The average score is 9 of 20
Answer Stats
Nickname City % Correct
The City of Light Paris
91%
City of Canals Venice
80%
The Eternal City Rome
75%
City of David Jerusalem
71%
Birthplace of Democracy Athens
68%
Bollywood Mumbai
67%
The Forbidden City Beijing
66%
The Square Mile London
53%
The Paris of South America Buenos Aires
51%
Pearl of the Danube Budapest
47%
The Golden Horn Istanbul
41%
Paris of the Middle East Beirut
32%
Vegas of the East Macau
32%
The City of a Thousand Minarets Cairo
31%
Brum Birmingham
29%
The Lion City Singapore
29%
The Stampede City Calgary
24%
The Big Durian Jakarta
17%
Steel City Sheffield
15%
Athens of the North Edinburgh
14%
No matching quizzes found
Score Distribution
Percent of People with Each Score
Percentile by Number Answered
Your Score History
You have not taken this quiz since the last reset